QUANTUM MECHANICS (Record no. 9371)
[ view plain ]
| 000 -LEADER | |
|---|---|
| fixed length control field | 00842nam a22001697a 4500 |
| 003 - CONTROL NUMBER IDENTIFIER | |
| control field | SGT |
| 020 ## - INTERNATIONAL STANDARD BOOK NUMBER | |
| International Standard Book Number | 9781259062865 |
| 082 ## - DEWEY DECIMAL CLASSIFICATION NUMBER | |
| Classification number | 530.12,SCH |
| 100 ## - MAIN ENTRY--PERSONAL NAME | |
| Personal name | SCHIFF,L L I |
| 245 ## - TITLE STATEMENT | |
| Title | QUANTUM MECHANICS |
| 250 ## - EDITION STATEMENT | |
| Edition statement | 4TH |
| 260 ## - PUBLICATION, DISTRIBUTION, ETC. (IMPRINT) | |
| Place of publication, distribution, etc | NEW DELHI |
| Name of publisher, distributor, etc | TMH |
| Year of Publication | 2015 |
| 300 ## - PAGE DESCRIPTION | |
| No. of Pages | 547 |
| 650 ## - SUBJECT ADDED ENTRY--TOPICAL TERM | |
| Topical term or geographic name as entry element | PHYSICS |
| 653 ## - KEYWORDS--INDEX TERM | |
| Keyword term | 1. THE PHYSICAL BASIS OF QUANTUM MECHANICS 2. FORMALISM/FOUNDATION OF QUANTUM MECHANICS 3. DISCRETE EIGENVALUES: BOUND STATE 4. SYMMETRY IN QUANTUM MECHANICS 5. THEORY OF ANGULAR MOMENTUM 6. QUANTUM MECHANICS IN THREE DIMENSIONS 7. APPROXIMATION METHODS: TIME-INDEPENDENT 8. APPROXIMATION METHODS: TIME-DEPENDENT PROBLEMS 9. SCATTERING THEORY 10. IDENTICAL PARTICLES AND SPIN 11. ATOMS, MOLECULES, AND ATOMIC NUCLEI 12. RELATIVISTIC WAVE EQUATIONS 13. THE QUANTIZATION OF WAVE FIELDS 14. RECENT DEVELOPMENTS |
| 942 ## - ADDED ENTRY ELEMENTS (KOHA) | |
| Source of classification or shelving scheme | Dewey Decimal Classification |
| Koha item type | FPS Books |
| 942 ## - ADDED ENTRY ELEMENTS (KOHA) | |
| -- | 1 |
| Withdrawn status | Lost status | Source of classification or shelving scheme | Damaged status | Not for loan | Collection code | Home library | Current library | Shelving location | Date acquired | Vendor Name | Cost, normal purchase price | SGTU | Bill Number | Full call number | Accession No. (Barcode) | Date last seen | Bill Date | Koha item type | Total Checkouts | Date last borrowed |
|---|---|---|---|---|---|---|---|---|---|---|---|---|---|---|---|---|---|---|---|---|
| Dewey Decimal Classification | Not For Loan | SCIENCE | SGT Science & Social Sciences Library | SGT Science & Social Sciences Library | Reference Book | 30/06/2016 | KIRTI PRAKASHAN | 547.00 | SGTU | 2947 | 530.12,SCH | PS934 | 30/06/2016 | 19/09/2015 | FPS Books | |||||
| Dewey Decimal Classification | SCIENCE | SGT Science & Social Sciences Library | SGT Science & Social Sciences Library | On Display | 30/06/2016 | KIRTI PRAKASHAN | 547.00 | SGTU | 2947 | 530.12,SCH | PS935 | 05/07/2021 | 19/09/2015 | FPS Books | 5 | 05/07/2021 | ||||
| Dewey Decimal Classification | SCIENCE | SGT Science & Social Sciences Library | SGT Science & Social Sciences Library | On Display | 30/06/2016 | KIRTI PRAKASHAN | 547.00 | SGTU | 2947 | 530.12,SCH | PS936 | 21/07/2021 | 19/09/2015 | FPS Books | 10 | 06/07/2021 | ||||
| Dewey Decimal Classification | SCIENCE | SGT Science & Social Sciences Library | SGT Science & Social Sciences Library | On Display | 30/06/2016 | AHUJA BOOKS | 725.00 | SGTU | 6680 | 530.12,SCH | PS1456 | 30/06/2016 | 03/03/2016 | FPS Books | ||||||
| Dewey Decimal Classification | SCIENCE | SGT Science & Social Sciences Library | SGT Science & Social Sciences Library | On Display | 30/06/2016 | AHUJA BOOKS | 725.00 | SGTU | 6680 | 530.12,SCH | PS1457 | 29/05/2023 | 03/03/2016 | FPS Books | 4 | 31/01/2023 |